000 00770nam a2200217Ia 4500
001 17311
003 GE_BSU
008 181216s||||||||xx |||||||||||||| ||und||
040 _cGE_BSU
080 _a821.353.1-32
100 _aიორამაშვილი,სოსო
245 _aგაღმა ვენახი
245 _bმოთხრობები
245 _cრედ.:ალ.ადამია;მხატვ.:თ.სოსელია;ბოლოსიტყვ.გ.ნატროშვილისა
260 _aთბილისი
260 _bლიტერატურა და ხელოვნება
260 _c[1967]
300 _a567გვ.;21 სმ.
653 _aმოთხრობები
942 _cBK
999 _c50370
_d50370